000 01607nam a2200241Ia 4500
003 Ost
005 20260507075625.0
008 260507s9999||||xx |||||||||||||| ||und||
020 _a9789931033820
040 _cfsecg
041 _aara
082 _a381.142
100 _aمليكاوي، مولود
_eمؤلف
245 0 _aالتجارة الإلكترونية /
_c مولود مليكاوي
260 _a[دون مكان]:
_bدار هومة للطباعة والنشر والتوزيع,
_c2019
300 _a252 صفحة؛
_bإيضاحات ؛
_c24 سم
504 _aمراجع ص.253
520 _aالتطور التكنولوجي للمعلومات والتحول نحو الاقتصاد الالكتروني، وكذلك مفهوم التجارة الالكترونية، مع المزايا والتحديات وتقنياتها، بالاضافة الى المقومات الأساسية لتطور التجارة الالكترونية، وكيفية تأمين وحماية معاملات التجارة الالكترونية، بالاضافة الى التنظيم الضريبي لصفقات التجارة الالكترونية ونظم الدفع والتحويل المالي الالكتروني؛ كذلك الحكومة الالكترونية والادارة الالكترونية بالاضافة للاطار القانوني والتشريعي للتجارة الاكترونية في الجزائر.
653 _aالالكترونيات
653 _aالتجارة الالكترونية
653 _aالحكومة الالكترونية
942 _cكتاب
999 _c45163
_d45163